00441nam a2200133Ia 4500008004100000082001600041100003000057245011100087260003900198300001000237520001100247650002800258700002100286230907s9999||||xx |||||||||||||| ||und|| a621.31bJUN aJunaid Khan (00000118424) 0aDesign, Synthesis and Testing of Metal-Organic Frameworks as Porous Materials for Carbon Dioxide Capture / aUSPCAS-E, NUST,bIslamabad :c2019 a93 p. aTH-144 aMS-ESE Thesis MS Thesis aDr. Naseem Iqbal